[Event "Corr"]
[Site "?"]
[Date "2002.01.15"]
[Round "?"]
[White "Tarnowiecki Harald"]
[Black "Ekebjaerg Ove (DEN)"]
[Result "1/2-1/2"]
[WhiteElo "2692"]
[BlackElo "2635"]
[PlyCount "61"]
[EventDate "2002.??.??"]
[Source "www.chesslib.no"]
[SourceDate "2004.05.04"]

1. d4 g6 2. c4 Bg7 3. Nc3 c5 4. d5 d6 5. e4 Nf6 6. Nf3 O-O 7. Be2 a6 8. a4 e6 9. O-O exd5 10. cxd5 Bg4 11. Bf4 Bxf3 12. Bxf3 Qe7 13. a5 Nbd7 14. Re1 Rab8 15. Qd2 Rfc8 16. Na4 Ne5 17. Nb6 Rd8 18. Bxe5 Qxe5 19. Nc4 Qd4 20. Qxd4 cxd4 21. Rad1 Nd7 22. Be2 b5 23. axb6 Nxb6 24. Na5 Re8 25. Nc6 Ra8 26. Bd3 Na4 27. b4 f5 28. f3 Bh6 29. Nxd4 Nb2 30. Nc6 Nxd1 31. Rxd1 1/2-1/2

[Event "Moscow RUS"]
[Site "?"]
[Date "2006.02.11"]
[Round "4"]
[White "Korotylev Alexey"]
[Black "Akopian Vladimir"]
[Result "0-1"]
[WhiteElo "2609"]
[BlackElo "2704"]
[PlyCount "80"]
[EventDate "2006.??.??"]
[Source "www.chesslib.no"]
[SourceDate "2004.05.04"]

1. d4 Nf6 2. c4 e6 3. Nf3 c5 4. d5 exd5 5. cxd5 d6 6. Nc3 g6 7. e4 a6 8. a4 Bg4 9. Be2 Bxf3 10. Bxf3 Bg7 11. O-O O-O 12. Bf4 Qe7 13. Re1 Nbd7 14. Qd2 Rfe8 15. a5 h5 16. Be2 Nh7 17. Bf1 g5 18. Be3 Qf6 19. f3 h4 20. h3 Qg6 21. Rab1 Rac8 22. Nd1 Ne5 23. Bf2 f5 24. Nc3 fxe4 25. Nxe4 Rf8 26. Kh1 Rf4 27. Be3 Rxe4 28. fxe4 Rf8 29. Be2 Nf6 30. Kg1 g4 31. Bxg4 Nfxg4 32. hxg4 Nf3+ 33. gxf3 Rxf3 34. Re2 Rg3+ 35. Rg2 Rxe3 36. Re1 Rf3 37. Kh1 Be5 38. Re3 Rf1+ 39. Rg1 Qf6 40. Qe2 Rf2 0-1

[Event "Olimpiadi 2008 - open"]
[Site "Dresda GER"]
[Date "2008.11.21"]
[Round "8"]
[White "Kozul, Z."]
[Black "Gashimov, V."]
[Result "1/2-1/2"]
[WhiteElo "2593"]
[BlackElo "2703"]
[PlyCount "66"]
[EventDate "2008.11.13"]
[Source "www.chesslib.no"]
[SourceDate "2004.05.04"]

1. d4 Nf6 2. Nf3 e6 3. c4 c5 4. d5 d6 5. Nc3 exd5 6. cxd5 g6 7. e4 Bg7 8. Be2 O-O 9. O-O a6 10. a4 Bg4 11. Bf4 Bxf3 12. Bxf3 Ne8 13. a5 Nd7 14. Qd2 Rb8 15. Na4 b5 16. axb6 Nxb6 17. Qa5 Nxa4 18. Qxd8 Rxd8 19. Rxa4 Nc7 20. b3 Rfe8 21. Rc1 Bb2 22. Rc2 Be5 23. Bxe5 Rxe5 24. h3 Nb5 25. Rxa6 Nd4 26. Rb2 f5 27. exf5 Nxf3+ 28. gxf3 Rxf5 29. Re2 Rxd5 30. Re7 Rh5 31. Kg2 d5 32. Raa7 d4 33. f4 Rb8 1/2-1/2

[Event "2. Samba Cup"]
[Site "?"]
[Date "2005.10.20"]
[Round "6"]
[White "Hansen Curt"]
[Black "Jobava Baadur"]
[Result "1/2-1/2"]
[WhiteElo "2607"]
[BlackElo "2601"]
[PlyCount "82"]
[EventDate "2005.??.??"]
[Source "www.chesslib.no"]
[SourceDate "2004.05.04"]

1. d4 Nf6 2. c4 e6 3. Nf3 c5 4. d5 exd5 5. cxd5 d6 6. Nc3 g6 7. e4 a6 8. a4 Bg4 9. Be2 Bg7 10. O-O Bxf3 11. Bxf3 Nbd7 12. Bf4 Qe7 13. Re1 O-O 14. Qd2 Rfe8 15. a5 Rac8 16. Bd1 Ne5 17. Na4 c4 18. Bc2 Nh5 19. Bxe5 Bxe5 20. g3 Nf6 21. Bd1 c3 22. Nxc3 Bxc3 23. bxc3 Qe5 24. Bf3 Qxc3 25. Qxc3 Rxc3 26. Bg2 Nd7 27. f4 Kf8 28. Rab1 Nc5 29. Rb6 Rd8 30. e5 dxe5 31. fxe5 Rb3 32. e6 fxe6 33. dxe6 Ke7 34. Rxb3 Nxb3 35. Bxb7 Nc5 36. Bg2 Rd6 37. Rc1 Nxe6 38. Bb7 Nd4 39. Rc7+ Kf6 40. Rxh7 Nb3 41. Bc8 Rc6 1/2-1/2

[Event "SSKK Bulletinen 40 years"]
[Site "SSKK Bulletinen 40 years"]
[Date "1994.??.??"]
[Round "?"]
[White "Joffe, Manne"]
[Black "Olafsson, Hannes"]
[Result "1-0"]
[WhiteElo "2660"]
[BlackElo "2545"]
[PlyCount "57"]
[EventDate "1994.??.??"]
[Source "www.chesslib.no"]
[SourceDate "2004.05.04"]

1. d4 Nf6 2. c4 e6 3. Nc3 c5 4. d5 exd5 5. cxd5 d6 6. Nf3 g6 7. e4 Bg7 8. Be2 O-O 9. O-O a6 10. a4 Bg4 11. Bf4 Bxf3 12. Bxf3 Qe7 13. Qc2 Nbd7 14. Rfe1 Ne5 15. Be2 Rfe8 16. Bd2 g5 17. Bxg5 Kh8 18. f3 Rg8 19. Nd1 Qf8 20. Ne3 h6 21. Bh4 Ng6 22. Bf2 Nh5 23. Kh1 Rc8 24. Nf5 Be5 25. g3 Ne7 26. f4 Nxf5 27. exf5 Nxf4 28. gxf4 Bxf4 29. Bf3 1-0

[Event "Campionato europeo 2007"]
[Site "Dresda GER"]
[Date "2007.04.05"]
[Round "3"]
[White "Kuzubov, Yuriy"]
[Black "Jobava, Baadur"]
[Result "1-0"]
[WhiteElo "2545"]
[BlackElo "2658"]
[PlyCount "102"]
[EventDate "2007.04.03"]
[Source "www.chesslib.no"]
[SourceDate "2004.05.04"]

1. d4 Nf6 2. c4 e6 3. Nf3 c5 4. d5 exd5 5. cxd5 d6 6. Nc3 a6 7. a4 g6 8. e4 Bg4 9. Be2 Bxf3 10. Bxf3 Bg7 11. O-O O-O 12. Bf4 Ne8 13. Qc2 Nd7 14. Be2 Rb8 15. Rab1 Qe7 16. Rfc1 Bd4 17. Bg3 Ng7 18. Re1 Rbe8 19. Qd2 Nf6 20. Qg5 Qd7 21. e5 Bxc3 22. bxc3 Ne4 23. Qg4 Qxg4 24. Bxg4 Nxc3 25. Rxb7 f5 26. Rc1 Na2 27. Ra1 Nb4 28. exd6 fxg4 29. d7 Rd8 30. Bh4 Nxd5 31. Bxd8 Rxd8 32. Rd1 Nb4 33. Rc7 Ne6 34. Rc8 Kf7 35. Rd6 Nc2 36. a5 Ncd4 37. Rxd8 Nxd8 38. Rxa6 Ke7 39. Rb6 Kxd7 40. a6 N4c6 41. Kf1 h5 42. Ke2 Kc7 43. a7 Nxa7 44. Rxg6 Nb5 45. Rh6 Ne6 46. Kd2 Nf4 47. g3 Nd5 48. Rxh5 Kc6 49. Rh6+ Nd6 50. Rg6 Nf6 51. Rxf6 Kd5 1-0

[Event "Corr"]
[Site "?"]
[Date "2000.09.25"]
[Round "?"]
[White "Cardelli Gabriel (ITA)"]
[Black "Sender Christian"]
[Result "0-1"]
[WhiteElo "2561"]
[BlackElo "2628"]
[PlyCount "88"]
[EventDate "2000.??.??"]
[Source "www.chesslib.no"]
[SourceDate "2004.05.04"]

1. d4 Nf6 2. c4 e6 3. Nc3 c5 4. d5 exd5 5. cxd5 d6 6. e4 g6 7. Nf3 a6 8. a4 Bg4 9. Be2 Bxf3 10. Bxf3 Nbd7 11. O-O Bg7 12. a5 O-O 13. Bf4 Qe7 14. Re1 Rab8 15. Qd2 b5 16. axb6 Rxb6 17. Ra2 Rfb8 18. Bd1 Ne5 19. Be2 Rb4 20. f3 Nh5 21. Bg5 Qd7 22. Qc2 Nc4 23. Bxc4 Bd4+ 24. Be3 Rxc4 25. Rxa6 Be5 26. Qf2 f5 27. Kh1 f4 28. Bc1 Qe7 29. h3 Ng3+ 30. Kh2 Rcb4 31. Rd1 Qh4 32. Rd3 g5 33. Ra7 h5 34. Nd1 g4 35. Rda3 Bd4 36. Qe1 gxh3 37. Ra8 hxg2+ 38. Kxg2 Be5 39. Nf2 Kh7 40. R8a7+ Kh6 41. Ra8 Rxa8 42. Rxa8 Rb7 43. Nh3 Kh7 44. Kh2 Rg7 0-1

[Event "BL2-W9899"]
[Site "Germany"]
[Date "1999.03.07"]
[Round "7.1"]
[White "Chernin, Alexander"]
[Black "Balashov, Yuri S"]
[Result "1/2-1/2"]
[WhiteElo "2604"]
[BlackElo "2578"]
[PlyCount "69"]
[EventDate "1998.10.??"]
[Source "www.chesslib.no"]
[SourceDate "2004.05.04"]

1. d4 Nf6 2. c4 c5 3. d5 g6 4. Nc3 Bg7 5. e4 O-O 6. Nf3 d6 7. Be2 e6 8. O-O exd5 9. cxd5 Bg4 10. Bf4 Re8 11. Nd2 Bxe2 12. Qxe2 Nh5 13. Be3 a6 14. a4 Nd7 15. g4 Nhf6 16. h3 h6 17. a5 Nh7 18. Kg2 Ng5 19. f3 f5 20. Bxg5 hxg5 21. Nc4 Ne5 22. Nb6 Rb8 23. Qc2 fxg4 24. fxg4 Qe7 25. Nb1 Rf8 26. Rxf8+ Rxf8 27. Nd2 Rf4 28. Rf1 Qf6 29. Qb1 Nf7 30. Nbc4 Qd4 31. Qc2 Ne5 32. Rxf4 gxf4 33. Nxe5 Bxe5 34. Nc4 g5 35. Qe2 1/2-1/2

[Event "EuTCh"]
[Site "Plovdiv"]
[Date "2003.10.20"]
[Round "9"]
[White "Kozul, Zdenko"]
[Black "Papaioannou, Ioannis"]
[Result "1/2-1/2"]
[WhiteElo "2597"]
[BlackElo "2577"]
[PlyCount "130"]
[EventDate "2003.10.10"]
[Source "Roberto Alvarez"]
[SourceDate "2003.10.20"]

1. d4 Nf6 2. c4 e6 3. Nf3 c5 4. d5 exd5 5. cxd5 d6 6. Nc3 g6 7. Bf4 a6 8. a4 Bg7 9. e4 Bg4 10. Be2 Bxf3 11. Bxf3 O-O 12. O-O Qe7 13. Re1 Nbd7 14. Qd2 Rab8 15. Be2 Rfe8 16. a5 Qf8 17. Bd3 Ne5 18. Na4 Nh5 19. Bxe5 Bxe5 20. Nb6 Qe7 21. Nc4 Bd4 22. g3 Nf6 23. Qf4 Rbd8 24. Kg2 Nh5 25. Qd2 Nf6 26. Re2 Qc7 27. Ra3 Nd7 28. f4 Bg7 29. Bc2 b5 30. axb6 Nxb6 31. Bd3 Nxc4 32. Bxc4 Rb8 33. b3 Ra8 34. Rxa6 Rxa6 35. Bxa6 Bd4 36. Bc4 Ra8 37. Re1 Ra3 38. Qe2 Qa5 39. Rc1 Ra2 40. Rc2 Rxc2 41. Qxc2 Qe1 42. Qe2 Qxe2+ 43. Bxe2 Kf8 44. h4 f6 45. h5 Kg7 46. Kh3 Bc3 47. Kh4 Bd4 48. Bb5 Bc3 49. Be8 Bd4 50. Kg4 Bc3 51. Kf3 gxh5 52. Bxh5 Kf8 53. Kg4 Ke7 54. Kf5 Be1 55. g4 h6 56. Kg6 Bd2 57. f5 Bf4 58. Kg7 Bg5 59. Bf7 Bf4 60. Be6 Bg5 61. Bc8 Bf4 62. Ba6 Bg5 63. Be2 Bf4 64. Bf3 Bg5 65. Bg2 Bf4 1/2-1/2

[Event "New York"]
[Site "?"]
[Date "1993.??.??"]
[Round "?"]
[White "Ehlvest, J."]
[Black "Minasian, A."]
[Result "1-0"]
[WhiteElo "2625"]
[BlackElo "2545"]
[PlyCount "103"]
[EventDate "1993.??.??"]
[Source "ChessBase"]
[SourceDate "1993.02.01"]

1. d4 Nf6 2. Nf3 c5 3. d5 g6 4. c4 d6 5. Nc3 Bg7 6. e4 O-O 7. Be2 e6 8. O-O exd5 9. cxd5 a6 10. a4 Bg4 11. Bf4 Bxf3 12. Bxf3 Qe7 13. Re1 Nbd7 14. a5 Ne8 15. Na4 Nc7 16. Bg4 Ne5 17. Nb6 Rad8 18. Bh3 Na8 19. Bxe5 Bxe5 20. Nc4 Bd4 21. Qd2 Qh4 22. Re2 Rfe8 23. Rae1 Nc7 24. Kh1 Bg7 25. f3 Nb5 26. Rb1 Nd4 27. Rf2 Bh6 28. Qe1 f5 29. Rf1 Qh5 30. Qf2 fxe4 31. fxe4 Rf8 32. Qe1 Rxf1+ 33. Qxf1 Rf8 34. Qd3 Qh4 35. b4 Qf2 36. bxc5 Ne2 37. g3 Rf3 38. Rf1 Rxg3 39. Qd1 Qxc5 40. Be6+ Kh8 41. Qxe2 Rc3 42. Nb6 Qd4 43. Rd1 Rc1 44. Rxc1 Bxc1 45. Kg2 Be3 46. Qf3 Qd2+ 47. Kh3 Bf4 48. Qg2 Qe3+ 49. Kh4 Kg7 50. Nc4 Qe1+ 51. Kg4 Bc1 52. Qf3 1-0

[Event "Barcelona"]
[Site "Barcelona"]
[Date "1993.??.??"]
[Round "6"]
[White "Tukmakov, Vladimir B"]
[Black "Spraggett, Kevin"]
[Result "1/2-1/2"]
[WhiteElo "2600"]
[BlackElo "2555"]
[PlyCount "40"]
[EventDate "1993.??.??"]
[Source "www.chesslib.no"]
[SourceDate "2004.05.04"]

1. d4 Nf6 2. c4 e6 3. Nc3 c5 4. d5 d6 5. Nf3 exd5 6. cxd5 g6 7. e4 a6 8. a4 Bg4 9. Be2 Bxf3 10. Bxf3 Nbd7 11. Bf4 Qe7 12. O-O Bg7 13. Re1 O-O 14. a5 Rfe8 15. Qd2 h5 16. h3 Nh7 17. Be2 Rac8 18. Bf1 Qf6 19. Rac1 g5 20. Be3 g4 1/2-1/2

[Event "2nd IECC, Ohrid MKD"]
[Site "?"]
[Date "2001.??.??"]
[Round "10"]
[White "Sturua, Z."]
[Black "Vaisser, A."]
[Result "1/2-1/2"]
[WhiteElo "2600"]
[BlackElo "2540"]
[PlyCount "87"]
[EventDate "2001.??.??"]
[Source "www.chesslib.no"]
[SourceDate "2004.05.04"]

1. d4 Nf6 2. Nf3 e6 3. c4 c5 4. d5 d6 5. Nc3 exd5 6. cxd5 g6 7. e4 Bg7 8. Be2 O-O 9. O-O Bg4 10. Bf4 a6 11. a4 Qe7 12. Nd2 Bxe2 13. Qxe2 Nh5 14. Be3 Nd7 15. a5 Bd4 16. Ra4 Bxe3 17. Qxe3 b5 18. axb6 Nxb6 19. Ra5 f5 20. Rfa1 Nf6 21. exf5 Qxe3 22. fxe3 gxf5 23. Rxa6 Rxa6 24. Rxa6 Nfxd5 25. Nxd5 Nxd5 26. Rxd6 Nxe3 27. b3 Rb8 28. Kf2 Nc2 29. Rd5 Nd4 30. Rxc5 Nxb3 31. Nxb3 Rxb3 32. Rxf5 Kg7 33. g4 h6 34. Kg2 Kg6 35. h4 Ra3 36. Rf3 Ra4 37. Kg3 Ra7 38. Rd3 Rf7 39. Rd6+ Kg7 40. Re6 Kh7 41. Re4 Kg7 42. Re5 Kg6 43. h5+ Kg7 44. Rf5 1/2-1/2

[Event "Ch Armed Forces team"]
[Site "Nikolaev UKR"]
[Date "1983.??.??"]
[Round "?"]
[White "Tukmakov, Vladimir B"]
[Black "Dolmatov, Sergey V"]
[Result "0-1"]
[WhiteElo "2580"]
[BlackElo "2550"]
[PlyCount "52"]
[EventDate "1983.??.??"]
[Source "www.chesslib.no"]
[SourceDate "2004.05.04"]

1. d4 e6 2. c4 Nf6 3. Nf3 c5 4. d5 exd5 5. cxd5 d6 6. Nc3 g6 7. Bf4 Bg7 8. e4 a6 9. a4 Bg4 10. Be2 Bxf3 11. Bxf3 O-O 12. O-O Qe7 13. Re1 Nbd7 14. a5 Rfb8 15. Qd2 Ne5 16. Be2 b5 17. axb6 Rxb6 18. Ra2 Ne8 19. Be3 Rb4 20. Rxa6 Rxa6 21. Bxa6 Ng4 22. Bf4 Bd4 23. Nd1 Nxf2 24. Nxf2 Rxb2 25. Qxb2 Bxb2 26. Nd3 Bc3 0-1

[Event "Match \"]
[Site "Moscow RUS"]
[Date "1986.??.??"]
[Round "?"]
[White "Tukmakov, Vladimir B"]
[Black "Romanishin, Oleg M"]
[Result "1/2-1/2"]
[WhiteElo "2570"]
[BlackElo "2560"]
[PlyCount "49"]
[EventDate "1986.??.??"]
[Source "www.chesslib.no"]
[SourceDate "2004.05.04"]

1. d4 Nf6 2. Nf3 e6 3. c4 c5 4. d5 exd5 5. cxd5 d6 6. Nc3 g6 7. Bf4 a6 8. e4 Bg7 9. a4 Bg4 10. Be2 O-O 11. O-O Nh5 12. Bg5 Bf6 13. Bh6 Bxf3 14. Bxf3 Ng7 15. Bg4 Re8 16. Qf3 b6 17. Nd1 Ra7 18. Ne3 Nd7 19. Bxd7 Rxd7 20. Nc4 Bd4 21. Be3 Bxe3 22. Qxe3 Nf5 23. Qd3 Nd4 24. b4 Rde7 25. bxc5 1/2-1/2

[Event "Paris"]
[Site "?"]
[Date "1990.??.??"]
[Round "?"]
[White "Pinter, J."]
[Black "Psakhis, L."]
[Result "1/2-1/2"]
[WhiteElo "2555"]
[BlackElo "2570"]
[PlyCount "84"]
[EventDate "1990.??.??"]
[Source "ChessBase"]
[SourceDate "1990.01.01"]

1. d4 e6 2. c4 Nf6 3. Nf3 c5 4. d5 d6 5. Nc3 exd5 6. cxd5 g6 7. e4 a6 8. a4 Bg4 9. Be2 Bxf3 10. Bxf3 Nbd7 11. O-O Bg7 12. a5 O-O 13. Ra4 Ne8 14. Be2 Nc7 15. Qc2 Qe7 16. Bd2 Rfb8 17. b3 b5 18. axb6 Rxb6 19. Na2 Nb5 20. Bxb5 Rxb5 21. Nc3 Rb4 22. Rxb4 cxb4 23. Na4 a5 24. Qc7 Bd4 25. h3 Re8 26. Qxa5 Qxe4 27. Qxb4 Qxd5 28. Nc3 Qc5 29. Qa4 Nf6 30. b4 Qc4 31. Qb5 Rc8 32. Qxc4 Rxc4 33. Nb5 Ne4 34. Be1 Bb6 35. Kh2 Rc1 36. f3 Nd2 37. Rh1 Rc2 38. Bxd2 Rxd2 39. Rb1 d5 40. Nc3 Bc7+ 41. Kg1 d4 42. Ne4 Rc2 1/2-1/2

[Event "Estes Park"]
[Site "Estes Park"]
[Date "1984.??.??"]
[Round "?"]
[White "Browne, Walter S"]
[Black "Gurevich, Dmitry B"]
[Result "1/2-1/2"]
[WhiteElo "2580"]
[BlackElo "2545"]
[PlyCount "134"]
[EventDate "1984.??.??"]
[Source "www.chesslib.no"]
[SourceDate "2004.05.04"]

1. d4 Nf6 2. c4 e6 3. Nf3 c5 4. d5 exd5 5. cxd5 d6 6. Nc3 g6 7. Bf4 a6 8. a4 Bg7 9. e4 Bg4 10. Be2 Bxf3 11. Bxf3 Qe7 12. O-O Nbd7 13. a5 O-O 14. Re1 Rfd8 15. Na4 Rab8 16. Rb1 Ne5 17. Bxe5 Qxe5 18. b4 cxb4 19. Rxb4 Rdc8 20. Qb1 Rc7 21. Nb6 Nd7 22. Nxd7 Rxd7 23. Rc1 h5 24. g3 Bh6 25. Rc2 Qf6 26. Be2 Qd8 27. Rb6 Bg7 28. Qb4 Rc8 29. Rxc8 Qxc8 30. Bxa6 Qc1+ 31. Bf1 Bc3 32. Qc4 Qd2 33. Qc8+ Kg7 34. Rb3 Bd4 35. Rf3 Re7 36. Qd8 Rxe4 37. Qd7 Bf6 38. Qxd6 Qb2 39. Qa3 Qxa3 40. Rxa3 Rd4 41. Rb3 Rxd5 42. Rxb7 Rxa5 43. Bc4 Bd4 44. Rxf7+ Kh6 45. Rd7 Ba7 46. Rd6 Kg7 47. Bd3 Ra2 48. Rxg6+ Kf7 49. Bc4+ Kxg6 50. Bxa2 h4 51. Kg2 hxg3 52. hxg3 Kf6 53. f4 Be3 54. Kf3 Bc1 55. g4 Bd2 56. g5+ Kg7 57. Kg4 Bc1 58. f5 Bb2 59. Bc4 Bc3 60. Bd3 Bd4 61. Kf3 Bc3 62. Bb1 Bb2 63. Bc2 Bc3 64. Ke3 Bb2 65. Kd3 Ba3 66. f6+ Kf7 67. Bb1 Bb2 1/2-1/2

[Event "III Memorial E.Geller - Open A"]
[Site "Odessa UCR"]
[Date "2007.09.15"]
[Round "8"]
[White "Zubov, Alexander"]
[Black "Oleksienko, Mikhailo"]
[Result "1/2-1/2"]
[WhiteElo "2552"]
[BlackElo "2567"]
[PlyCount "134"]
[EventDate "2007.09.08"]
[Source "www.chesslib.no"]
[SourceDate "2004.05.04"]

1. d4 Nf6 2. c4 c5 3. d5 e6 4. Nc3 exd5 5. cxd5 d6 6. Nf3 g6 7. e4 a6 8. a4 Bg4 9. Be2 Bxf3 10. Bxf3 Nbd7 11. O-O Bg7 12. Bf4 Qe7 13. Re1 O-O 14. Qc2 Ne8 15. Qd2 Nc7 16. Be2 Bd4 17. Bf1 Rfe8 18. Kh1 Qf6 19. f3 Rab8 20. Bg5 Qh8 21. Ra2 b6 22. Rc1 Bf6 23. Be3 Rb7 24. Nd1 b5 25. b4 c4 26. a5 h5 27. Rac2 Bg7 28. Bf4 Ne5 29. Nc3 Rbb8 30. Bg5 f5 31. exf5 gxf5 32. Rd1 Qh7 33. Be3 Qg6 34. Bb6 Rbc8 35. Qf2 Re7 36. Ne2 Nd3 37. Qg3 Qxg3 38. Nxg3 Nxb4 39. Nxf5 Rd7 40. Rcc1 Ncxd5 41. Bd4 Bxd4 42. Rxd4 Re8 43. Bxc4 bxc4 44. Rdxc4 Nd3 45. Ra1 Ne3 46. Nxe3 Rxe3 47. h4 d5 48. Rc6 d4 49. Rxa6 Kg7 50. Ra8 Re1+ 51. Rxe1 Nxe1 52. a6 d3 53. a7 d2 54. Rg8+ Kxg8 55. a8=Q+ Kf7 56. Qa2+ Ke7 57. Qa3+ Kf7 58. Qb3+ Kg7 59. Qb2+ Kh7 60. Qb1+ Nd3 61. Kh2 Kh6 62. Qb6+ Kg7 63. Qe6 Nc5 64. Qe5+ Kf7 65. Qxh5+ Ke6 66. Qh6+ Ke7 67. Qg5+ Ke6 1/2-1/2

[Event "5th IECC"]
[Site "Antalya"]
[Date "2004.05.25"]
[Round "10"]
[White "Chatalbashev, Boris"]
[Black "Izoria, Zviad"]
[Result "1/2-1/2"]
[WhiteElo "2543"]
[BlackElo "2573"]
[PlyCount "74"]
[EventDate "2004.05.15"]
[Source "Roberto Alvarez"]
[SourceDate "2004.05.31"]

1. d4 Nf6 2. c4 e6 3. Nf3 c5 4. d5 exd5 5. cxd5 d6 6. Nc3 g6 7. e4 a6 8. a4 Bg4 9. Be2 Bxf3 10. Bxf3 Bg7 11. Bf4 O-O 12. O-O Qe7 13. Re1 Nbd7 14. a5 Rab8 15. Be2 h5 16. Qd2 Rfe8 17. h3 b5 18. axb6 Rxb6 19. Bxa6 Reb8 20. Ra2 Rb4 21. Bg5 Qe8 22. Bd3 c4 23. Bf1 Nc5 24. Qc2 Nfd7 25. Be3 Qc8 26. f4 Nd3 27. Bxd3 cxd3 28. Qxd3 Nc5 29. Qc2 Nxe4 30. Ba7 Nxc3 31. bxc3 Qxc3 32. Qxc3 Bxc3 33. Bxb8 Bxe1 34. Bxd6 Rb1 35. Kh2 h4 36. f5 gxf5 37. Bf4 Rd1 1/2-1/2

[Event "It, Bad Homburg GER"]
[Site "?"]
[Date "1997.??.??"]
[Round "?"]
[White "Xu Jun"]
[Black "Hracek, Z."]
[Result "1/2-1/2"]
[WhiteElo "2505"]
[BlackElo "2605"]
[PlyCount "54"]
[EventDate "1997.??.??"]
[Source "www.chesslib.no"]
[SourceDate "2004.05.04"]

1. d4 Nf6 2. c4 e6 3. Nf3 c5 4. d5 exd5 5. cxd5 d6 6. Nc3 g6 7. e4 a6 8. a4 Bg4 9. Be2 Bxf3 10. Bxf3 Nbd7 11. O-O Bg7 12. Bf4 Qe7 13. e5 dxe5 14. d6 Qe6 15. Bg3 Rb8 16. Re1 O-O 17. Nd5 e4 18. Nc3 Rfe8 19. Nxe4 Nxe4 20. Rxe4 Qxe4 21. Bxe4 Rxe4 22. Qd2 Rbe8 23. h4 Bf6 24. Qa5 Bd8 25. Qc3 Bf6 26. Qa5 Bd8 27. Qc3 Bf6 1/2-1/2

[Event "SVDB IM Norm"]
[Site "Eupen BEL"]
[Date "2007.12.08"]
[Round "2"]
[White "Petkov, V."]
[Black "Berelovich, A."]
[Result "1/2-1/2"]
[WhiteElo "2508"]
[BlackElo "2595"]
[PlyCount "58"]
[EventDate "2007.12.07"]
[Source "www.chesslib.no"]
[SourceDate "2004.05.04"]

1. d4 e6 2. Nf3 Nf6 3. c4 c5 4. d5 exd5 5. cxd5 d6 6. Nc3 g6 7. e4 Bg7 8. Bb5+ Bd7 9. a4 O-O 10. O-O Bg4 11. Bf4 a6 12. Be2 Re8 13. Qc2 Qe7 14. Rfe1 Nbd7 15. h3 Bxf3 16. Bxf3 c4 17. Bg3 Rac8 18. Rad1 h6 19. Be2 Nxe4 20. Bg4 Bxc3 21. bxc3 f5 22. f3 Nxg3 23. Rxe7 Rxe7 24. Kh2 Ne2 25. Re1 Rce8 26. Bxf5 gxf5 27. Qxf5 Nf8 28. Qf6 Kh7 29. h4 Rg7 1/2-1/2

[Event "Andorra Open"]
[Site "Andorra"]
[Date "1993.??.??"]
[Round "7"]
[White "Spraggett, Kevin B"]
[Black "Magerramov, Elmar"]
[Result "1-0"]
[WhiteElo "2555"]
[BlackElo "2545"]
[PlyCount "89"]
[EventDate "1993.06.??"]
[Source "www.chesslib.no"]
[SourceDate "2004.05.04"]

1. d4 Nf6 2. c4 e6 3. Nf3 c5 4. d5 exd5 5. cxd5 d6 6. Nc3 g6 7. e4 a6 8. a4 Bg4 9. Be2 Bg7 10. O-O O-O 11. Bg5 Bxf3 12. Bxf3 Nbd7 13. Qd2 Re8 14. Rae1 c4 15. Qf4 Re5 16. Qh4 Qf8 17. Bd1 h6 18. Be3 Ree8 19. Bc2 Rac8 20. f3 Nc5 21. Qf2 Nfd7 22. Qd2 Kh7 23. Kh1 Qe7 24. Bxc5 Nxc5 25. f4 Kg8 26. e5 dxe5 27. f5 Qd6 28. Ne4 Nxe4 29. Bxe4 gxf5 30. Bxf5 Rcd8 31. Be4 Qc5 32. Rd1 Rd6 33. Qe2 Re7 34. Qg4 Qc7 35. Qf5 Kf8 36. Qh7 Qd7 37. a5 Qc7 38. Rc1 Qxa5 39. Rxc4 Rc7 40. Rcc1 Rxc1 41. Rxc1 Qd2 42. Rc8+ Ke7 43. h3 Rf6 44. Bd3 Qg5 45. Qg8 1-0

[Event "42/106"]
[Site "?"]
[Date "1986.??.??"]
[Round "?"]
[White "Portisch, L."]
[Black "Kindermann, S."]
[Result "1-0"]
[WhiteElo "2600"]
[BlackElo "2495"]
[PlyCount "103"]
[EventDate "1986.??.??"]
[Source "www.chesslib.no"]
[SourceDate "2004.05.04"]

1. d4 Nf6 2. c4 e6 3. Nf3 c5 4. d5 exd5 5. cxd5 d6 6. Nc3 g6 7. Bf4 a6 8. a4 Bg7 9. e4 Bg4 10. Be2 O-O 11. O-O Bxf3 12. Bxf3 Qe7 13. h3 Nbd7 14. Re1 Rab8 15. Be2 Ne8 16. Qd2 Nc7 17. Bg5 Bf6 18. Bh6 Rfe8 19. f4 Bd4+ 20. Kh1 Qd8 21. Bf3 b5 22. a5 b4 23. Ne2 Bh8 24. Bg5 Qc8 25. Bh4 Nb5 26. Bf2 Qd8 27. Ng3 Nd4 28. Bd1 b3 29. Ra4 h5 30. Rc4 Rb5 31. Ra4 Nc2 32. Rf1 Bxb2 33. e5 dxe5 34. f5 e4 35. fxg6 fxg6 36. Bxc2 bxc2 37. Qxc2 Bg7 38. Nxe4 Rb2 39. Qd1 c4 40. Rxc4 Qxa5 41. Ra4 Qc7 42. Bd4 Bxd4 43. Qxd4 Qc2 44. Rg1 Rbb8 45. d6 Rb5 46. Rc4 Qb2 47. Nc3 Rf5 48. Rc7 Rf7 49. Qc4 Ne5 50. Qd5 Qb8 51. Re1 Kg7 52. Rxe5 1-0

[Event "Tallinn"]
[Site "?"]
[Date "1987.??.??"]
[Round "?"]
[White "Van der Sterren, Paul"]
[Black "Psakhis, Lev B"]
[Result "0-1"]
[WhiteElo "2520"]
[BlackElo "2575"]
[PlyCount "82"]
[EventDate "1987.??.??"]
[Source "www.chesslib.no"]
[SourceDate "2004.05.04"]

1. d4 Nf6 2. c4 e6 3. Nf3 c5 4. d5 exd5 5. cxd5 d6 6. Nc3 g6 7. Bf4 a6 8. e4 Bg7 9. a4 Bg4 10. Be2 Bxf3 11. Bxf3 O-O 12. O-O Qe7 13. Re1 Nbd7 14. Qd2 h5 15. h3 c4 16. Be2 Rac8 17. a5 Rfe8 18. Bf1 Nh7 19. Ra4 f5 20. Rxc4 Rxc4 21. Bxc4 g5 22. Bh2 f4 23. Qd1 h4 24. Kh1 Qd8 25. e5 Nxe5 26. Ba2 Qxa5 27. Qh5 Re7 28. Bb1 Nf6 29. Qd1 Qd8 30. Bf5 Rc7 31. Ne2 Rc5 32. b4 Rc4 33. Nd4 Qb6 34. Be6+ Kf8 35. Nf3 Nxf3 36. Qxf3 Qxb4 37. Rf1 Rc3 38. Qd1 Qc4 39. Qb1 b5 40. Re1 Rc2 41. Bf5 Rxf2 0-1

[Event "SLO-chT"]
[Site "Celje"]
[Date "2003.11.23"]
[Round "9"]
[White "Kozul, Zdenko"]
[Black "Cebalo, Miso"]
[Result "1-0"]
[WhiteElo "2597"]
[BlackElo "2486"]
[PlyCount "57"]
[EventDate "2003.11.17"]
[Source "Roberto Alvarez"]
[SourceDate "2003.12.01"]

1. d4 Nf6 2. Nf3 e6 3. c4 c5 4. d5 exd5 5. cxd5 d6 6. Nc3 g6 7. e4 a6 8. a4 Bg4 9. Be2 Bxf3 10. Bxf3 Nbd7 11. O-O Bg7 12. Bf4 Qe7 13. Re1 O-O 14. Qd2 Rfe8 15. a5 Rac8 16. Na4 h5 17. Rac1 Nh7 18. h3 Bf6 19. b4 Bg5 20. bxc5 dxc5 21. Nb6 Nxb6 22. axb6 Bxf4 23. Qxf4 Qe5 24. Qxe5 Rxe5 25. g3 f5 26. d6 Rd8 27. exf5 Rxe1+ 28. Rxe1 Rxd6 29. Re6 1-0

[Event "Sao Paulo zt"]
[Site "?"]
[Date "1993.??.??"]
[Round "?"]
[White "Mecking, H."]
[Black "Vasquez"]
[Result "1-0"]
[WhiteElo "2605"]
[BlackElo "2475"]
[PlyCount "80"]
[EventDate "1993.??.??"]
[Source "www.chesslib.no"]
[SourceDate "2004.05.04"]

1. d4 Nf6 2. c4 e6 3. Nf3 c5 4. d5 exd5 5. cxd5 d6 6. Nc3 g6 7. e4 a6 8. a4 Bg4 9. Be2 Bg7 10. O-O O-O 11. Bf4 Re8 12. Nd2 Bxe2 13. Qxe2 Nh5 14. Be3 Nd7 15. g4 Nhf6 16. f3 Ne5 17. h3 b6 18. Rab1 Qc7 19. Rfc1 h5 20. Kg2 hxg4 21. hxg4 Qd7 22. Rh1 b5 23. g5 Nh5 24. axb5 axb5 25. Nxb5 Rab8 26. Nc3 Rb4 27. Nd1 Reb8 28. Rh4 Qe7 29. f4 Nc4 30. Kf3 Nxd2+ 31. Bxd2 Rb3+ 32. Be3 Bd4 33. Ra1 Bxe3 34. Nxe3 Rxb2 35. Qa6 R2b4 36. f5 Qe5 37. Rg4 Qh2 38. Ra2 Qh3+ 39. Kf2 Rb2+ 40. Rxb2 Rxb2+ 1-0

[Event "ESP Team Ch"]
[Site "ESP"]
[Date "1993.??.??"]
[Round "?"]
[White "Pinter, Jozsef"]
[Black "Franco Ocampos, Zenon"]
[Result "1/2-1/2"]
[WhiteElo "2575"]
[BlackElo "2505"]
[PlyCount "53"]
[EventDate "1993.??.??"]
[Source "www.chesslib.no"]
[SourceDate "2004.05.04"]

1. d4 Nf6 2. c4 c5 3. d5 g6 4. Nc3 d6 5. e4 Bg7 6. Be2 O-O 7. Nf3 e6 8. O-O exd5 9. cxd5 a6 10. a4 Bg4 11. Bg5 h6 12. Bh4 Bxf3 13. Bxf3 Nbd7 14. a5 Re8 15. Qc2 c4 16. Ra4 Rc8 17. Bg3 Ne5 18. Bxe5 Rxe5 19. Be2 Nd7 20. Bg4 h5 21. Bh3 Rc5 22. Rb4 Qxa5 23. Rxb7 Rc7 24. Rxc7 Qxc7 25. Qa4 Nf6 26. Qc6 Qb8 27. Qxc4 1/2-1/2